[Event "Las Palmas San Mateo CC op 1st"]
[Site "Las Palmas"]
[Date "2023.12.06"]
[Round "4"]
[White "Ramos Santana, Marcelino"]
[Black "Marrero Cardenes, Agustin"]
[Result "0-1"]
[WhiteElo "1830"]
[BlackElo "2106"]
[PlyCount "74"]
[EventDate "2023.12.04"]
[EventType "swiss"]
[EventRounds "9"]
[EventCountry "ESP"]
[SourceTitle "CB50_2023"]
[SourceDate "2023.12.13"]
[SourceVersion "1"]
[SourceVersionDate "2023.12.13"]
[SourceQuality "1"]

1. e4 c6 2. d4 d5 3. e5 Bf5 4. Nf3 e6 5. Be2 c5 6. Be3 Qb6 7. Nc3 Nc6 8. 0-0 c4 9. Rb1 Bb4 10. a3 Bxc3 11. bxc3 Qa6 12. Nh4 Nge7 13. g4 Bg6 14. f4 Be4 15. f5 Qxa3 16. Qd2 Qa4 17. fxe6 fxe6 18. Bd1 Nd8 19. Bg5 Qd7 20. Qf2 h6 21. Bc1 g5 22. Qf6 Rg8 23. Ng2 Ng6 24. Ba3 Bxg2 25. Kxg2 Nf4+ 26. Rxf4 gxf4 27. Qxh6 Nf7 28. Qf6 Ng5 29. h4 Ne4 30. Qh6 0-0-0 31. Bf3 Qf7 32. Bc1 Rdf8 33. Bxe4 Rxg4+ 34. Kh3 dxe4 35. Ba3 Rfg8 36. Bd6 Rg3+ 37. Kh2 Qf5 0-1

[Event "Vecindario Montalvo Memorial 15th"]
[Site "Vecindario"]
[Date "2023.04.05"]
[Round "5"]
[White "Rivero Reyes, Alejandro"]
[Black "Ramos Santana, Marcelino"]
[Result "1/2-1/2"]
[WhiteElo "1620"]
[BlackElo "1869"]
[PlyCount "183"]
[EventDate "2023.04.02"]
[EventType "swiss"]
[EventRounds "9"]
[EventCountry "ESP"]
[SourceTitle "CBM 213 Extra"]
[Source "ChessBase"]
[SourceDate "2023.05.31"]
[SourceVersion "1"]
[SourceVersionDate "2023.05.31"]
[SourceQuality "1"]

1. e4 c5 2. Nf3 Nc6 3. Bb5 e5 4. Bxc6 dxc6 5. d3 Bd6 6. 0-0 Ne7 7. a4 a5 8. h3 Ng6 9. Nc3 f6 10. Ne2 Be6 11. c3 0-0 12. Be3 Qc7 13. d4 exd4 14. cxd4 cxd4 15. Nexd4 Bf7 16. Nf5 Bb4 17. Qc2 Rfe8 18. N3d4 Rad8 19. Rad1 Qe5 20. f3 Ne7 21. Nxe7+ Qxe7 22. Nf5 Qe6 23. Qf2 Qb3 24. Qg3 Bg6 25. Rxd8 Rxd8 26. Qc7 Bxf5 27. Qxd8+ Kf7 28. Bf2 Be6 29. Qc7+ Kg6 30. f4 Bc4 31. f5+ Kh6 32. Qf4+ g5 33. fxg6+ Kxg6 34. Qg4+ Kf7 35. Rd1 Be6 36. Qh5+ Kg7 37. e5 Be7 38. exf6+ Bxf6 39. Bd4 Bxd4+ 40. Rxd4 Qe3+ 41. Kh1 Qxd4 42. Qg5+ Kf7 43. Qh5+ Kf6 44. Qxh7 Qd1+ 45. Kh2 Bd5 46. Qh8+ Ke6 47. Qc8+ Kd6 48. Qf8+ Ke5 49. Qe7+ Be6 50. Qg5+ Kd6 51. Qd8+ Bd7 52. Qb8+ Ke7 53. Qe5+ Kd8 54. Qb8+ Bc8 55. Qe5 Qd5 56. Qxd5+ cxd5 57. g4 Ke7 58. g5 Bf5 59. Kg3 Kf7 60. h4 Kg6 61. Kf4 Bc2 62. Ke5 Bb3 63. Kd4 Bxa4 64. Kxd5 Bc6+ 65. Kc5 a4 66. Kd4 Kf5 67. Kc5 Kg6 68. Kd4 b5 69. Kc5 Be8 70. Kd4 Kf5 71. Kd5 Bf7+ 72. Kc5 Bc4 73. Kd4 Kg4 74. g6 Kxh4 75. g7 Kg5 76. Kc5 Kg6 77. g8Q+ Bxg8 78. Kxb5 Bb3 79. Kc5 Kf5 80. Kd4 Kf4 81. Kd3 Kf3 82. Kd2 Kf2 83. Kc1 Ke2 84. Kb1 Bf7 85. Ka1 Kd1 86. Kb1 Bg6+ 87. Ka1 Bc2 88. Ka2 Kc1 89. Ka1 Bb1 90. b3 a3 91. b4 a2 92. b5 1/2-1/2

[Event "Vecindario Montalvo Memorial 15th"]
[Site "Vecindario"]
[Date "2023.04.02"]
[Round "1"]
[White "Mayor Viera, Aaron"]
[Black "Ramos Santana, Marcelino"]
[Result "0-1"]
[WhiteElo "1261"]
[BlackElo "1869"]
[PlyCount "108"]
[EventDate "2023.04.02"]
[EventType "swiss"]
[EventRounds "9"]
[EventCountry "ESP"]
[SourceTitle "CBM 213 Extra"]
[Source "ChessBase"]
[SourceDate "2023.05.31"]
[SourceVersion "1"]
[SourceVersionDate "2023.05.31"]
[SourceQuality "1"]

1. e4 c5 2. Nf3 Nc6 3. Bc4 g6 4. d3 Bg7 5. Nbd2 Nf6 6. h3 0-0 7. 0-0 d6 8. Re1 a6 9. a3 b5 10. Ba2 Qc7 11. c3 a5 12. Qc2 Rb8 13. Re2 Ba6 14. Rb1 Rfc8 15. b3 b4 16. Bb2 Nd7 17. Nf1 Nde5 18. Nxe5 Nxe5 19. Rd1 Nc6 20. Re3 bxc3 21. Bxc3 Nd4 22. Qb2 Qb6 23. Nd2 Bh6 24. Bxd4 cxd4 25. Rf3 e6 26. Nf1 Qc5 27. Ng3 Qc2 28. Qxc2 Rxc2 29. Ra1 Rbc8 30. e5 d5 31. Nf1 Rc1 32. Rxc1 Rxc1 33. b4 Ra1 34. Bb3 Rxa3 35. Bd1 axb4 36. Kh2 Bg7 37. Nd2 Bxe5+ 38. g3 Rxd3 39. Rxd3 Bxd3 40. Nb3 h5 41. Nc5 Bc4 42. Kg2 Bb5 43. Nb7 Bc7 44. f4 Kf8 45. Kf2 Ke7 46. Nc5 h4 47. Nb3 hxg3+ 48. Kxg3 Bb6 49. Kf3 f6 50. Nd2 e5 51. f5 g5 52. Bb3 Kd6 53. Kg4 Bd7 54. Bc2 e4 0-1

[Event "Vecindario Montalvo Memorial 14th"]
[Site "Vecindario"]
[Date "2022.09.10"]
[Round "8"]
[White "Julien Casteleiro, Ariel"]
[Black "Ramos Santana, Marcelino"]
[Result "0-1"]
[WhiteElo "1577"]
[BlackElo "1869"]
[PlyCount "74"]
[EventDate "2022.09.04"]
[EventType "swiss"]
[EventRounds "9"]
[EventCountry "ESP"]
[SourceTitle "CBM 210 Extra"]
[Source "ChessBase"]
[SourceDate "2022.11.30"]
[SourceVersion "1"]
[SourceVersionDate "2022.11.30"]
[SourceQuality "1"]

1. d4 Nf6 2. Bf4 d5 3. e3 e6 4. Nf3 Bd6 5. Ne5 0-0 6. Nd2 c5 7. c3 b6 8. Bb5 Qc7 9. Qa4 Bb7 10. Ndf3 Ne4 11. dxc5 bxc5 12. Bd3 f6 13. Ng4 Bxf4 14. exf4 Qxf4 15. Ne3 Nc6 16. 0-0 Ne5 17. Nxe5 Qxe5 18. Rfe1 Qd6 19. f3 Ng5 20. Qh4 Bc6 21. Qh5 Be8 22. Qh4 Rb8 23. Rab1 Bg6 24. Bxg6 hxg6 25. Qg4 Kf7 26. h4 Nh7 27. h5 g5 28. Rbd1 Qf4 29. Qxe6+ Kxe6 30. Nxd5+ Qe5 31. Nc7+ Ke7 32. Nd5+ Kf7 33. Rxe5 fxe5 34. Re1 Ke6 35. c4 Nf6 36. Nc7+ Kd6 37. Na6 Rxb2 0-1

[Event "Vecindario Montalvo Memorial 14th"]
[Site "Vecindario"]
[Date "2022.09.09"]
[Round "7"]
[White "Ramos Santana, Marcelino"]
[Black "Konyves, Almos"]
[Result "0-1"]
[WhiteElo "1869"]
[BlackElo "2274"]
[PlyCount "98"]
[EventDate "2022.09.04"]
[EventType "swiss"]
[EventRounds "9"]
[EventCountry "ESP"]
[SourceTitle "CBM 210 Extra"]
[Source "ChessBase"]
[SourceDate "2022.11.30"]
[SourceVersion "1"]
[SourceVersionDate "2022.11.30"]
[SourceQuality "1"]

1. e4 e5 2. Nf3 Nc6 3. Bb5 a6 4. Ba4 Nf6 5. 0-0 Be7 6. Re1 b5 7. Bb3 d6 8. c3 0-0 9. d3 Na5 10. Bc2 c5 11. Nbd2 Nc6 12. Nf1 Re8 13. Qe2 h6 14. h3 Be6 15. g4 Nh7 16. Ne3 Ng5 17. Kh2 Nxf3+ 18. Qxf3 Bg5 19. Nf5 Bxc1 20. Raxc1 Ne7 21. Nxe7+ Qxe7 22. a3 Rad8 23. Rcd1 d5 24. Qe3 d4 25. Qg3 Qf6 26. Kg2 c4 27. cxd4 exd4 28. f4 cxd3 29. Bxd3 Bc4 30. e5 Qc6+ 31. Qf3 Bd5 32. Be4 d3 33. Rd2 Qc4 34. Bxd5 Rxd5 35. Red1 Red8 36. Kg3 Qd4 37. Qf2 Qc4 38. Qf3 a5 39. h4 b4 40. axb4 axb4 41. g5 Qa6 42. Qe4 h5 43. Rc1 Rd4 44. Qc6 Qa7 45. g6 fxg6 46. Qxg6 Rf8 47. Rf1 Rdxf4 48. Qe6+ Kh8 49. Rxf4 Qe3+ 0-1

[Event "Aldea de San Nicola Hernandez 37th"]
[Site "Aldea de San Nicolas"]
[Date "2019.08.26"]
[Round "3"]
[White "Suarez Rodriguez, Doramas"]
[Black "Ramos Santana, Marcelino"]
[Result "0-1"]
[WhiteElo "1631"]
[BlackElo "1834"]
[PlyCount "50"]
[EventDate "2019.08.21"]
[EventType "swiss"]
[EventRounds "5"]
[EventCountry "ESP"]
[SourceTitle "EXT 2024"]
[Source "ChessBase"]
[SourceDate "2023.10.10"]
[SourceVersion "1"]
[SourceVersionDate "2023.10.10"]
[SourceQuality "1"]

1. d4 Nf6 2. c4 c5 3. d5 b5 4. cxb5 a6 5. e3 g6 6. bxa6 Bg7 7. Nc3 0-0 8. Nf3 Qa5 9. Bd2 d6 10. Be2 Bxa6 11. 0-0 Nbd7 12. Bxa6 Qxa6 13. Qc2 Rfb8 14. Rab1 Nb6 15. e4 Ng4 16. h3 Ne5 17. Nxe5 Bxe5 18. a3 Nc4 19. Rfe1 Qb7 20. Rec1 Qb3 21. Nd1 Qxc2 22. Rxc2 Nxa3 23. Rbc1 Nxc2 24. Rxc2 Ra1 25. Rc1 Rba8 0-1

[Event "Lanzarote op"]
[Site "Lanzarote"]
[Date "2019.06.29"]
[Round "8"]
[White "Shi Zheng, Jia Ying"]
[Black "Ramos Santana, Marcelino"]
[Result "0-1"]
[WhiteElo "1389"]
[BlackElo "1850"]
[PlyCount "62"]
[EventDate "2019.06.24"]
[EventType "swiss"]
[EventRounds "9"]
[EventCountry "ESP"]
[SourceTitle "CBM 191 Extra"]
[Source "ChessBase"]
[SourceDate "2019.09.30"]
[SourceVersion "1"]
[SourceVersionDate "2019.09.30"]
[SourceQuality "1"]

1. d4 Nf6 2. c4 c5 3. Nf3 g6 4. Nbd2 Qa5 5. Qc2 Bg7 6. g3 Nc6 7. d5 Nb4 8. Qd1 d6 9. Bg2 Bf5 10. 0-0 Bc2 11. Qe1 Ba4 12. Nb1 Qa6 13. Na3 Nc2 14. Nxc2 Bxc2 15. Qc3 Bf5 16. Nh4 Bd7 17. Qc2 0-0 18. Bd2 b5 19. b3 Rab8 20. Rab1 Rb7 21. Rfe1 bxc4 22. bxc4 Rfb8 23. Rxb7 Qxb7 24. Bc3 Qa6 25. Ba1 Ba4 26. Qc3 Rb4 27. Rc1 Qb7 28. Qd2 Bd7 29. h3 Qa6 30. Qc2 Qa4 31. g4 Qxc2 0-1

[Event "Lanzarote op"]
[Site "Lanzarote"]
[Date "2019.06.27"]
[Round "6"]
[White "Alvarez Alonso, Alberto"]
[Black "Ramos Santana, Marcelino"]
[Result "1-0"]
[WhiteElo "1967"]
[BlackElo "1850"]
[PlyCount "89"]
[EventDate "2019.06.24"]
[EventType "swiss"]
[EventRounds "9"]
[EventCountry "ESP"]
[SourceTitle "CBM 191 Extra"]
[Source "ChessBase"]
[SourceDate "2019.09.30"]
[SourceVersion "1"]
[SourceVersionDate "2019.09.30"]
[SourceQuality "1"]

1. e4 e6 2. d4 d5 3. exd5 exd5 4. Nf3 Bg4 5. h3 Bh5 6. Qe2+ Qe7 7. Be3 Nc6 8. Nc3 Nf6 9. g4 Bg6 10. 0-0-0 0-0-0 11. Ne5 Na5 12. f4 Be4 13. Rg1 Ne8 14. Qb5 b6 15. b4 Qxb4 16. Qa6+ Kb8 17. Nb5 Qa3+ 18. Nxa3 Bxa3+ 19. Kd2 Nd6 20. Nc6+ Nxc6 21. Qxa3 Na5 22. Ke1 g6 23. Kf2 f5 24. Bd3 Rhf8 25. g5 Rh8 26. Bd2 Nac4 27. Bxc4 Nxc4 28. Qc3 h6 29. gxh6 Rxh6 30. Rg3 Rd6 31. Rdg1 Rc6 32. Qb4 Rd6 33. Bc1 a5 34. Qe1 Kb7 35. c3 Re6 36. Qd1 c6 37. h4 Nd6 38. Ba3 Nc4 39. Bf8 Rxh4 40. Rxg6 Re8 41. Rh6 Rxf4+ 42. Kg3 Rg4+ 43. Kh2 Rxg1 44. Qxg1 Rxf8 45. Qg7+ 1-0

[Event "Lanzarote op"]
[Site "Lanzarote"]
[Date "2019.06.27"]
[Round "5"]
[White "Ramos Santana, Marcelino"]
[Black "Sanchez Orozco, Edward Steven"]
[Result "1-0"]
[WhiteElo "1850"]
[BlackElo "1341"]
[PlyCount "53"]
[EventDate "2019.06.24"]
[EventType "swiss"]
[EventRounds "9"]
[EventCountry "ESP"]
[SourceTitle "CBM 191 Extra"]
[Source "ChessBase"]
[SourceDate "2019.09.30"]
[SourceVersion "1"]
[SourceVersionDate "2019.09.30"]
[SourceQuality "1"]

1. e4 e5 2. Nf3 Nc6 3. Bb5 a6 4. Ba4 Nf6 5. 0-0 Be7 6. d3 b5 7. Bb3 0-0 8. Nbd2 d6 9. c3 Re8 10. Re1 Na5 11. Bc2 c5 12. Nf1 Nc6 13. Ng3 Nd7 14. Nf5 Bf8 15. Ng5 h6 16. Nh3 Nb6 17. g4 Bxf5 18. gxf5 Qf6 19. Kh1 Kh8 20. Rg1 d5 21. Qh5 dxe4 22. dxe4 Nd7 23. Be3 Ne7 24. Ng5 g6 25. fxg6 fxg6 26. Qh3 Nb8 27. Rg3 1-0

[Event "Lanzarote op"]
[Site "Lanzarote"]
[Date "2019.06.25"]
[Round "2"]
[White "Morales Diaz, Pablo"]
[Black "Ramos Santana, Marcelino"]
[Result "0-1"]
[WhiteElo "1295"]
[BlackElo "1850"]
[PlyCount "100"]
[EventDate "2019.06.24"]
[EventType "swiss"]
[EventRounds "9"]
[EventCountry "ESP"]
[SourceTitle "CBM 191 Extra"]
[Source "ChessBase"]
[SourceDate "2019.09.30"]
[SourceVersion "1"]
[SourceVersionDate "2019.09.30"]
[SourceQuality "1"]

1. d4 Nf6 2. Bf4 e6 3. e3 d5 4. c3 Bd6 5. Bxd6 Qxd6 6. Nf3 c5 7. Bb5+ Nc6 8. Bxc6+ bxc6 9. 0-0 0-0 10. Nbd2 cxd4 11. cxd4 c5 12. Qc2 cxd4 13. exd4 Ba6 14. Rfe1 Rfc8 15. Qb3 Rab8 16. Qa3 Qxa3 17. bxa3 Rb2 18. h3 Rcc2 19. Reb1 h6 20. Rxb2 Rxb2 21. a4 Bd3 22. a5 Be2 23. a3 Bxf3 24. Nxf3 Ne4 25. Ne5 Nc3 26. Nd3 Rb5 27. Nb4 Rxa5 28. Nc6 Ra4 29. Ne7+ Kf8 30. Nc6 Ne2+ 31. Kf1 Nxd4 32. Nxd4 Rxd4 33. a4 a5 34. Ke2 Ke7 35. Ke3 e5 36. f4 Re4+ 37. Kf3 Rxf4+ 38. Ke3 Kd6 39. g3 Rb4 40. Ra3 f5 41. Kd3 g5 42. Kc3 d4+ 43. Kd3 e4+ 44. Kd2 Kd5 45. Kd1 Kc4 46. Kc2 f4 47. gxf4 gxf4 48. h4 d3+ 49. Kd2 e3+ 50. Ke1 Rb1# 0-1

[Event "Lanzarote-chT"]
[Site "Arrecife de Lanzarote"]
[Date "2019.03.09"]
[Round "2.2"]
[White "Ramos Santana, Marcelino"]
[Black "Gonzalez Acosta, Angel"]
[Result "1-0"]
[WhiteElo "1864"]
[BlackElo "2021"]
[PlyCount "71"]
[EventDate "2019.03.08"]
[EventType "team-tourn"]
[EventRounds "6"]
[EventCountry "ESP"]
[SourceTitle "EXT 2021"]
[Source "ChessBase"]
[SourceDate "2020.10.23"]
[SourceVersion "1"]
[SourceVersionDate "2020.10.23"]
[SourceQuality "1"]
[WhiteTeam "Sociedad Democracia"]
[BlackTeam "El Tablero de Guanapay"]
[WhiteTeamCountry "ESP"]
[BlackTeamCountry "ESP"]

1. e4 d6 2. d4 Nf6 3. Nc3 g6 4. Be3 c6 5. Qd2 h6 6. f3 b5 7. Nge2 a6 8. Nf4 Nbd7 9. h4 Qc7 10. Be2 Bg7 11. g4 Nb6 12. Kf2 e5 13. Nh3 b4 14. Nd1 exd4 15. Bxd4 c5 16. Be3 Bxg4 17. Bf4 Rd8 18. Ne3 Bc8 19. Rad1 Ke7 20. Kg2 Nh5 21. Bh2 Be5 22. f4 Bd4 23. c3 bxc3 24. bxc3 Bf6 25. Rb1 Bb7 26. Nf2 Bxh4 27. Bf3 Bc6 28. Bxh5 gxh5 29. Nf5+ Kf6 30. Nxh4 Rde8 31. Rhe1 Rhg8+ 32. Kf3 Nc4 33. Qd3 Bb5 34. Nf5 Qc6 35. a4 Rxe4 36. Nxe4+ 1-0

[Event "Las Palmas Insular-chT Honor 1718"]
[Site "Las Palmas"]
[Date "2017.11.11"]
[Round "2.1"]
[White "Ramos Santana, Marcelino"]
[Black "Alvarado Ascanio, Francisco"]
[Result "0-1"]
[WhiteElo "1912"]
[BlackElo "2179"]
[PlyCount "72"]
[EventDate "2017.10.28"]
[EventType "team-tourn"]
[EventRounds "9"]
[EventCountry "ESP"]
[SourceTitle "EXT 2019"]
[Source "ChessBase"]
[SourceDate "2018.10.10"]
[SourceVersion "1"]
[SourceVersionDate "2018.10.10"]
[SourceQuality "1"]
[WhiteTeam "Anand"]
[BlackTeam "Tres W"]
[WhiteTeamCountry "ESP"]
[BlackTeamCountry "ESP"]

1. e4 e6 2. d4 d5 3. e5 Ne7 4. Nf3 b6 5. c3 Qd7 6. Be3 Ba6 7. Bxa6 Nxa6 8. Qd3 Nb8 9. 0-0 Nbc6 10. Nbd2 f6 11. exf6 gxf6 12. b4 Ng6 13. Rfe1 Bg7 14. h4 0-0 15. b5 Nd8 16. h5 Ne7 17. Nf1 Nf7 18. Bf4 Nf5 19. Ng3 N5d6 20. a4 Nc4 21. Nd2 Ncd6 22. Nf3 Rae8 23. Bc1 Bh6 24. Re2 Bxc1 25. Rxc1 Nc4 26. Rd1 c6 27. Rb1 Nfd6 28. bxc6 Qxc6 29. Nh2 f5 30. Nf3 Ne4 31. Nf1 Rc8 32. Ne3 Nxe3 33. Qxe3 f4 34. Qc1 Nxc3 35. Qe1 Nxb1 36. Qxb1 Qc1+ 0-1

[Event "Gran Canaria Fiestas Dolores 2nd"]
[Site "Gran Canaria"]
[Date "2017.09.06"]
[Round "3"]
[White "Ramos Santana, Marcelino"]
[Black "Rojas Mirabal, Pedro"]
[Result "1/2-1/2"]
[WhiteElo "1926"]
[BlackElo "2070"]
[PlyCount "57"]
[EventDate "2017.09.04"]
[EventType "swiss"]
[EventRounds "6"]
[EventCountry "ESP"]
[SourceTitle "CBM 180 Extra"]
[Source "ChessBase"]
[SourceDate "2017.10.06"]
[SourceVersion "1"]
[SourceVersionDate "2017.10.06"]
[SourceQuality "1"]

1. e4 e6 2. d4 d5 3. e5 c5 4. c3 Nc6 5. Nf3 Qb6 6. a3 Bd7 7. Be2 c4 8. 0-0 Be7 9. Nbd2 Na5 10. Rb1 g5 11. Ne1 0-0-0 12. b3 cxb3 13. c4 Ba4 14. Bb2 f6 15. c5 Qc7 16. Nd3 f5 17. Qc1 Nh6 18. Qc3 Bc6 19. Nb4 Ba4 20. Nd3 Bc6 21. Nxb3 Nc4 22. Bc1 Ng4 23. a4 h5 24. Nb4 Kd7 25. Rd1 Ke8 26. Nxc6 bxc6 27. Bxc4 dxc4 28. Qxc4 Kf7 29. Be3 1/2-1/2

[Event "Arrecife de Lanzarote op"]
[Site "Arrecife de Lanzarote"]
[Date "2017.06.13"]
[Round "4"]
[White "Garcia Alvarez, Miguel Angel"]
[Black "Ramos Santana, Marcelino"]
[Result "0-1"]
[WhiteElo "1457"]
[BlackElo "1974"]
[PlyCount "108"]
[EventDate "2017.06.11"]
[EventType "swiss"]
[EventRounds "9"]
[EventCountry "ESP"]
[SourceTitle "EXT 2018"]
[Source "ChessBase"]
[SourceDate "2017.10.13"]
[SourceVersion "1"]
[SourceVersionDate "2017.10.13"]
[SourceQuality "1"]

1. e4 e6 2. d4 d5 3. Nd2 c5 4. c3 cxd4 5. cxd4 dxe4 6. Bb5+ Bd7 7. Bxd7+ Nxd7 8. Nxe4 Ngf6 9. Bg5 Bb4+ 10. Nc3 Rc8 11. Nge2 Qa5 12. Bxf6 Nxf6 13. 0-0 0-0 14. Rc1 a6 15. a3 Be7 16. Na2 h6 17. Qd3 Nd5 18. Rxc8 Rxc8 19. Rc1 Rxc1+ 20. Nexc1 Qe1+ 21. Qf1 Qd2 22. Qe2 Qxd4 23. g3 Bf6 24. Nd3 e5 25. Nab4 Nxb4 26. Nxb4 e4 27. Kg2 a5 28. Nc2 Qd3 29. Qxd3 exd3 30. Ne3 Bxb2 31. a4 Kf8 32. Kf3 Ke7 33. Ke4 Bc1 34. Nd1 d2 35. Kd3 Kd6 36. Kc4 Kc6 37. f3 Ba3 38. h3 b6 39. f4 Kd6 40. Kb3 Bc5 41. Kc4 Kc6 42. Kc3 Bg1 43. g4 Bh2 44. f5 b5 45. axb5+ Kxb5 46. Kxd2 Kb4 47. Kc2 Kc4 48. Nc3 Bf4 49. Ne2 Be5 50. Nc1 a4 51. Nd3 f6 52. Nb2+ Bxb2 53. Kxb2 Kd4 54. h4 Ke5 0-1

[Event "Gran Canaria Galdos op 2nd"]
[Site "Gran Canaria"]
[Date "2017.05.08"]
[Round "4"]
[White "Ramos Santana, Marcelino"]
[Black "Cruz Pino, Adrian"]
[Result "1/2-1/2"]
[WhiteElo "1978"]
[BlackElo "2100"]
[PlyCount "138"]
[EventDate "2017.05.03"]
[EventType "swiss"]
[EventRounds "5"]
[EventCountry "ESP"]
[SourceTitle "CBM 178 Extra"]
[Source "ChessBase"]
[SourceDate "2017.06.22"]
[SourceVersion "1"]
[SourceVersionDate "2017.06.22"]
[SourceQuality "1"]

1. e4 e5 2. Nf3 Nc6 3. Bb5 g6 4. 0-0 Bg7 5. c3 Nge7 6. d4 a6 7. Ba4 b5 8. Bb3 d6 9. h3 0-0 10. Be3 Na5 11. Bc2 Nc4 12. Bc1 exd4 13. cxd4 f5 14. b3 Nb6 15. Nbd2 c5 16. Bb2 Nc6 17. Rb1 cxd4 18. exf5 gxf5 19. Re1 Nd5 20. Nf1 Qb6 21. Ng3 Bd7 22. Qd2 Ndb4 23. Nh5 Nxc2 24. Qxc2 Be5 25. Qd2 f4 26. Re4 Bf5 27. Rbe1 Bxe4 28. Rxe4 Qc5 29. Nxf4 Bxf4 30. Rxf4 Rxf4 31. Qxf4 Qc2 32. Qg5+ Kf7 33. Qd5+ Ke7 34. Ba3 Rd8 35. Ng5 Qg6 36. Ne4 b4 37. Bb2 Rc8 38. f3 Rc7 39. Kh2 Qe6 40. Qg5+ Kd7 41. Qd2 Qe5+ 42. g3 Kc8 43. Qd3 Kb7 44. a3 a5 45. h4 h5 46. Bc1 Qd5 47. Nf6 Qc5 48. Bf4 bxa3 49. Ne4 Qb6 50. Nxd6+ Ka8 51. Nc4 Qb7 52. Nxa3 Rc8 53. Nc4 Rf8 54. Bd6 Rd8 55. Bc5 Nb4 56. Bxb4 axb4 57. Na5 Qb6 58. Qe4+ Kb8 59. Nc6+ Kc7 60. Nxd8 Kxd8 61. Qd5+ Kc7 62. Qxh5 Qd6 63. Qa5+ Kc8 64. Qa8+ Kd7 65. Qb7+ Kd8 66. Qa8+ Ke7 67. Qe4+ Kf6 68. Qd3 Qc5 69. g4 Ke5 1/2-1/2

[Event "Las Palmas Cabildo op"]
[Site "Las Palmas"]
[Date "2017.03.28"]
[Round "6"]
[White "Ramos Santana, Marcelino"]
[Black "Sosa Suarez, Carla Cristina"]
[Result "1/2-1/2"]
[WhiteElo "2011"]
[BlackElo "1887"]
[PlyCount "46"]
[EventDate "2017.03.10"]
[EventType "swiss"]
[EventRounds "7"]
[EventCountry "ESP"]
[SourceTitle "EXT 2018"]
[Source "ChessBase"]
[SourceDate "2017.10.13"]
[SourceVersion "1"]
[SourceVersionDate "2017.10.13"]
[SourceQuality "1"]

1. e4 e6 2. d4 d5 3. e5 c5 4. c3 Nc6 5. Nf3 Bd7 6. a3 c4 7. Nbd2 Na5 8. g3 Ne7 9. Bg2 Nc8 10. 0-0 Nb6 11. Re1 Qc7 12. Qe2 Na4 13. Ng5 Bc6 14. f4 h6 15. Ngf3 0-0-0 16. Rb1 Be7 17. Qe3 Rhg8 18. b4 cxb3 19. Nxb3 Nc4 20. Qd3 Bb5 21. Qc2 Bxa3 22. Bf1 Bxc1 23. Qxc1 a6 1/2-1/2